L’etat de la france 1992

Tallennettuna:
Bibliografiset tiedot
Aineistotyyppi: Kirja
Tagit: Lisää tagi
Ei tageja, Lisää ensimmäinen tagi!
Thư viện lưu trữ: Mạng thư viện Đại học Đà Nẵng
LEADER 00399nam a22001691a 4500
001 000036506
003 12801
005 20160408151550.0
008 160408s0 000
082 |a 4P(07) 260 
245 |a L’etat de la france 1992 
OWN |a LNN 
999 |a From the UDN01 
TYP |a Monograph 
980 |a Mạng thư viện Đại học Đà Nẵng